00511 2200193 4500001002100000005001500021008004100036020001700077035001900094041000700113082000800120090001400128100002000142245005000162250002400212260001700236300001100253650005300264INLIS00000000000671720241224113334241224||||||||| | ||| |||| || |  a978602839404 0010-1224006717 aid0 a926 a926 IRW w0 aIrwan Kurniawan00aWright Bersaudara dan Pesawat terbang Pertama aseri Biografi Tokoh bNuansac2010 a42 hlm 0aBiografi -- wright bersaudara -- pesawat terbang